| 000 | 00883nam a2200229 a 4500 | ||
|---|---|---|---|
| 001 | 000876669 | ||
| 003 | AM-YeHGA | ||
| 005 | 20250617145250.0 | ||
| 008 | 120312s1979 ru |||||r|||||000|0|rus d | ||
| 040 | _aAM-YeHGA | ||
| 041 | _arus | ||
| 245 | 0 | 0 |
_aГорные леса / _cПод общ. ред. С.Г. Синицына. |
| 260 |
_aМосква : _bЛесная промышленность, _c1979. |
||
| 300 | _a200 с. | ||
| 504 | _aБиблиогр.: с. 196 - 200 | ||
| 650 | 1 | 4 | _aЛесное хозяйство |
| 653 | 1 |
_aособенности строения горных лесов _aлесной фонд |
|
| 700 | 1 |
_aСиницын, Станислав Григорьевич _eред. _eавт. _4edt _4aui |
|
| 700 | 1 | _aАгеенко, Анатолий Сергеевич | |
| 700 | 1 | _aГигаури, Георгий Николаевич | |
| 090 | _c310593 | ||
| 999 |
_c308882 _d308882 |
||